| 000 | 00945nam a2200289 i 4500 | ||
|---|---|---|---|
| 001 | bg | ||
| 003 | BPK | ||
| 005 | 20220512130822.0 | ||
| 008 | s1972 pl f f |000 0 pol | ||
| 040 | _cBPK | ||
| 041 | _apol | ||
| 080 | _a51 | ||
| 080 | _a(075.8) | ||
| 100 | 1 |
_aŻakowski, Wojciech _d(1929-1993) _eAutor |
|
| 245 | 0 | 0 |
_aMatematyka. _nCz. 1 / _cWojciech Żakowski. |
| 250 | _aWyd. 4 zm. | ||
| 260 |
_aWarszawa : _bWydawnictwa Naukowo-Techniczne, _c1972. |
||
| 300 |
_a269, [1] s. : _bil. ; _c23 cm. |
||
| 490 | _aPodręczniki Akademickie. Elektronika | ||
| 504 | _aBibliogr. | ||
| 650 | 4 |
_aMatematyka _xszkoły wyższe. |
|
| 655 | 4 | _aPodręczniki akademickie | |
| 710 | 2 |
_aWydawnictwa Naukowo-Techniczne _4pbl. |
|
| 856 |
_uhttp://koha.tu.koszalin.pl/cgi-bin/koha/opac-detail.pl?biblionumber=221 _yKatalog online BPK |
||
| 830 |
_aPodręczniki Akademickie. _pElektronika |
||
| 942 |
_cKS _2UKD |
||
| 999 |
_c221 _d221 |
||